000 00812nam a2200253Ia 4500
003 OSt
005 20220923222508.0
006 a|||||r|||| 00| 0
007 ta
008 220922b |||||||| |||| 00| 0 hin d
024 _a205,331
037 _cTextual
040 _aARTS
_cARTS
_bhin
041 _2hin
_ahin
082 _aO152,6N05x, L9
100 _aजैनेन्द्र कुमार
245 0 _aप्रश्न और प्रश्न
246 _aPrashna aur prashna
260 _aदिल्ली
_b पूर्वोदय प्रका0
_c1979
300 _a185पृ.
_ccm.
650 _aहिन्दी साहित्य
_9156264
942 _hO152,6N05x, L9
_cTEXL
_2CC
999 _c356054
_d356054